Statistics for Countries that have monarchs

Click here to take the quiz!

General Stats

  • This quiz has been taken 69 times
    (34 since last reset)
  • The average score is 22 of 28

Answer Stats

HintAnswer% Correct
EuropeBelgium
100%
EuropeSpain
100%
EuropeUnited Kingdom
100%
EuropeNorway
96%
EuropeDenmark
92%
EuropeLuxembourg
92%
EuropeMonaco
92%
EuropeSweden
92%
Europethe Netherlands
88%
EuropeAndorra
85%
EuropeLiechtenstein
85%
AsiaBahrain
81%
AsiaSaudi Arabia
81%
AsiaThailand
81%
EuropeVatican City
81%
AsiaBrunei
77%
AsiaJapan
77%
AsiaJordan
77%
AfricaLesotho
73%
AsiaOman
73%
AsiaKuwait
69%
AsiaMalaysia
69%
AfricaSwaziland
69%
AsiaBhutan
65%
AsiaCambodia
65%
AfricaMorocco
62%
OceaniaTonga
62%
AfricaTunisia
31%

Score Distribution

Percentile by Number Answered

Percent of People with Each Score

Your Score History

You have not taken this quiz since the last reset